Beyond the Stars & Other Stories/ (Record no. 186977)

MARC details
000 -LEADER
fixed length control field 00596 a2200193 4500
005 - DATE AND TIME OF LATEST TRANSACTION
control field 20220324150937.0
010 ## - LCCN (DPL NO)
LC control number ENG-132112
020 ## - INTERNATIONAL STANDARD BOOK NUMBER
International Standard Book Number 9789385606366
Terms of availability 425.00
035 ## - SYSTEM CONTROL NUMBER
System control number EN-115644
037 ## - SOURCE OF ACQUISITION
Source of stock number/acquisition DBAD/PUB
082 ## - DEWEY DECIMAL CLASSIFICATION NUMBER
Classification number S
100 ## - MAIN ENTRY--PERSONAL NAME
Personal name Hyder, Qurratulain
245 ## - TITLE STATEMENT
Title Beyond the Stars & Other Stories/
Statement of responsibility, etc Qurratulain Hyder
260 ## - PUBLICATION, DISTRIBUTION, ETC. (IMPRINT)
Place of publication, distribution, etc New Delhi
Name of publisher, distributor, etc Women Unlimited (an associate of Kali for Women)
Date of publication, distribution, etc 2021
270 ## - ADDRESS
Address 7/10, First Floor, Sarvapriya Vihar
City New Delhi
Postal code 110016
300 ## - PHYSICAL DESCRIPTION
Extent xxiii, 183p
Dimensions 22cm (pbk)
700 ## - ADDED ENTRY--PERSONAL NAME
Personal name Translated by Fatima Rizvi
942 ## - ADDED ENTRY ELEMENTS (KOHA)
Source of classification or shelving scheme Dewey Decimal Classification
Item type English Books
Classification part S
Call number suffix HYD
Holdings
Withdrawn status Lost status Not for loan Collection code Home library Current library Date acquired Source of acquisition Cost, normal purchase price Full call number Barcode Copy number Cost, replacement price Koha item type
      Fiction Central Library Central Library 24/03/2022 DBAD/PUB 425.00 S HYD EN-115644 1 425.00 English Books

© Delhi Public Library
Hit Counter
free hit counter